| 000 | 01126nam a2200253 a 4500 | ||
|---|---|---|---|
| 001 | 000966890 | ||
| 003 | AM-YeHGA | ||
| 005 | 20250617150040.0 | ||
| 008 | 130606s1975 ||||||||r|||||000|0|rus|d | ||
| 040 | _aAM-YeHGA | ||
| 041 | 0 | _arus | |
| 245 | 0 | 0 |
_aДетские капельные инфекции : _b(Материалы республиканской конференции) / _c[Редкол.: Т.Г. Философова (отв. ред.) [и др.]] ; МЗ УССР, Киевский институт эпидемиологии, микробиологии и паразитологии. |
| 260 |
_aКиев : _bЗдоров'я, _c1975. |
||
| 300 |
_a147 с. ; _c21 см. |
||
| 650 | 1 | 4 | _aРеспираторные инфекции |
| 650 | 1 | 4 | _aДифтерия |
| 650 | 1 | 4 | _aКоклюш |
| 650 | 1 | 4 | _aКорь |
| 650 | 1 | 4 | _aПедиатрия |
| 650 | 1 | 4 | _aКонференции |
| 700 | 1 |
_aФилософова, Т.Г. _eред. _4edt |
|
| 710 | 2 | _aКиевский институт эпидемиологии, микробиологии и паразитологии МЗ УССР | |
| 090 | _c325255 | ||
| 999 |
_c323510 _d323510 |
||